[Event "St Denis op 21st"]
[Site "St Denis"]
[Date "2019.10.20"]
[Round "5"]
[White "Dace, Jean Emeric"]
[Black "Hamon, Christian"]
[Result "0-1"]
[WhiteElo "1654"]
[BlackElo "2001"]
[PlyCount "72"]
[EventDate "2019.10.20"]
[EventType "swiss"]
[EventRounds "9"]
[EventCountry "RUF"]
[SourceTitle "CBM 192 Extra"]
[Source "Chessbase"]
[SourceDate "2019.11.06"]
[SourceVersion "1"]
[SourceVersionDate "2019.11.06"]
[SourceQuality "1"]

1. Nf3 d6 2. c4 e5 3. Nc3 f5 4. d3 Nf6 5. g3 Be7 6. Qb3 c6 7. Bg2 Nbd7 8. a4 0-0 9. Bd2 e4 10. Nd4 Nc5 11. Qc2 d5 12. b4 Na6 13. Na2 Kh8 14. c5 exd3 15. exd3 Ng4 16. 0-0 Bf6 17. Bc3 Nc7 18. Rae1 Bd7 19. Nc1 Re8 20. Nce2 Qe7 21. h3 Ne5 22. Nf4 Qf7 23. Nf3 Nxf3+ 24. Bxf3 d4 25. Bd2 g6 26. Rxe8+ Rxe8 27. h4 Ne6 28. Ne2 Kg8 29. b5 Nc7 30. Ba5 Nd5 31. bxc6 Bxc6 32. Kg2 Qd7 33. Qc4 Kg7 34. Bd2 Nc7 35. Nf4 Bxf3+ 36. Kh2 Nd5 0-1

[Event "Reunion op 19th"]
[Site "St Denis"]
[Date "2017.10.19"]
[Round "5"]
[White "Dace, Jean Emeric"]
[Black "Triton, Maxime"]
[Result "0-1"]
[WhiteElo "1649"]
[BlackElo "1705"]
[PlyCount "56"]
[EventDate "2017.10.16"]
[EventType "swiss"]
[EventRounds "7"]
[EventCountry "RUF"]
[SourceTitle "CBM 181 Extra"]
[Source "ChessBase"]
[SourceDate "2017.12.12"]
[SourceVersion "1"]
[SourceVersionDate "2017.12.12"]
[SourceQuality "1"]

1. Nf3 c5 2. g3 Nf6 3. b3 e6 4. c4 Nc6 5. Bb2 Be7 6. Bg2 0-0 7. Na3 a6 8. d4 cxd4 9. Nxd4 Nxd4 10. Qxd4 Qa5+ 11. Bc3 Qxa3 12. 0-0 Qc5 13. Qd2 d5 14. Bd4 Qd6 15. cxd5 exd5 16. Rac1 Be6 17. f3 Rfd8 18. Qb2 Rac8 19. Rcd1 Qc7 20. Rc1 Qd7 21. Rcd1 Bc5 22. e4 Bxd4+ 23. Rxd4 Qc7 24. exd5 Rxd5 25. Rf4 Qc2 26. Qa1 Rd2 27. Bh1 Bh3 28. Rc4 Rg2+ 0-1

[Event "Reunion op 18th"]
[Site "St Denis"]
[Date "2016.10.11"]
[Round "4"]
[White "Dace, Jean Emeric"]
[Black "Triton, Maxime"]
[Result "0-1"]
[WhiteElo "1612"]
[BlackElo "1771"]
[PlyCount "43"]
[EventDate "2016.10.10"]
[EventType "swiss"]
[EventRounds "7"]
[EventCountry "RUF"]
[SourceTitle "CBM 175 Extra"]
[Source "ChessBase"]
[SourceDate "2016.12.12"]
[SourceVersion "1"]
[SourceVersionDate "2016.12.12"]
[SourceQuality "1"]

1. e4 c5 2. Nf3 e6 3. d4 cxd4 4. Nxd4 Nc6 5. Be3 a6 6. c3 Nf6 7. Bd3 Be7 8. Nd2 d5 9. f3 0-0 10. Qc2 Ne5 11. g4 dxe4 12. Nxe4 Nxd3+ 13. Qxd3 e5 14. Nxf6+ Bxf6 15. g5 exd4 16. cxd4 Bxg5 17. f4 Bh4+ 18. Kd2 Qa5+ 19. Ke2 Bf5 20. Qb3 Rac8 21. Rhg1 Be4 22. Rg4 0-1

[Event "Reunion op 18th"]
[Site "St Denis"]
[Date "2016.10.10"]
[Round "1"]
[White "Payet, Bruno"]
[Black "Dace, Jean Emeric"]
[Result "0-1"]
[WhiteElo "1111"]
[BlackElo "1612"]
[PlyCount "74"]
[EventDate "2016.10.10"]
[EventType "swiss"]
[EventRounds "7"]
[EventCountry "RUF"]
[SourceTitle "CBM 175 Extra"]
[Source "ChessBase"]
[SourceDate "2016.12.12"]
[SourceVersion "1"]
[SourceVersionDate "2016.12.12"]
[SourceQuality "1"]

1. d4 Nf6 2. Nc3 b6 3. Bf4 Bb7 4. Nf3 e6 5. e3 d6 6. Bd3 Be7 7. Qe2 Nbd7 8. h3 a6 9. g4 c5 10. Rg1 b5 11. h4 c4 12. g5 cxd3 13. cxd3 Nh5 14. Bh2 g6 15. e4 Qa5 16. Kf1 0-0 17. e5 dxe5 18. Rg4 exd4 19. Rxd4 Rfd8 20. Ne4 Qb6 21. Ng3 Nxg3+ 22. Bxg3 Bxf3 23. Qe3 Bd5 24. Rf4 Bd6 25. Qe2 Rac8 26. h5 Qc7 27. Qd2 Bxf4 28. Bxf4 Qc2 29. Qe3 Nc5 30. Kg1 Qxb2 31. Be5 Qb4 32. h6 Qg4+ 33. Kf1 Bg2+ 34. Kg1 Rxd3 35. Qc1 Bf3+ 36. Bg3 Qh3 37. Qf1 Qh1# 0-1

[Event "Reunion op 17th"]
[Site "St Denis"]
[Date "2015.10.10"]
[Round "9"]
[White "Dace, Jean Emeric"]
[Black "Petry, Joachim"]
[Result "1-0"]
[WhiteElo "1399"]
[BlackElo "1399"]
[PlyCount "99"]
[EventDate "2015.10.10"]
[EventType "swiss"]
[EventRounds "9"]
[EventCountry "RUF"]
[SourceTitle "CBM 168 Extra"]
[Source "ChessBase"]
[SourceDate "2015.10.29"]
[SourceVersion "1"]
[SourceVersionDate "2015.10.29"]
[SourceQuality "1"]

1. e4 d5 2. exd5 Nf6 3. d4 Nxd5 4. Nf3 e6 5. Bc4 b6 6. 0-0 Bb7 7. Bg5 f6 8. Bh4 Be7 9. Qe1 Qd7 10. Bg3 Na6 11. c3 c5 12. Qe2 Nac7 13. Nh4 0-0-0 14. a4 g5 15. Nf3 h5 16. h3 h4 17. Bh2 f5 18. Ne5 Qe8 19. Na3 a6 20. Nc2 Bd6 21. Rfe1 Qg8 22. Bb3 Nf4 23. Bxf4 gxf4 24. f3 Re8 25. Rf1 Qg7 26. Ne1 Rhg8 27. Rf2 Qg3 28. Kh1 Nd5 29. Nf7 Bc7 30. Ne5 Ne3 31. Rc1 Bd5 32. Bc2 Kb7 33. Bd3 a5 34. Ba6+ Ka7 35. Bb5 Ref8 36. Bc6 Bxe5 37. Bxd5 exd5 38. dxe5 Qg7 39. b4 axb4 40. cxb4 c4 41. Qb2 Re8 42. a5 b5 43. Qd4+ Ka8 44. a6 Qxe5 45. Qb6 Rb8 46. Qc6+ Ka7 47. Qd7+ Kb6 48. Ra2 Rg7 49. a7 Ra8 50. Ra6+ 1-0